Ăn vặt Sài Gòn
Giới thiệu các món ăn ở Sài Gòn như Phở - Miến; Bún; Hủ tiếu - Mì; Bánh canh; Các món cuốn; Các món bánh; Bánh mì; Cháo; Nghêu, Sò, Ốc, Hến; Xôi; Chè...
Guardat en:
| Autor principal: | |
|---|---|
| Altres autors: | |
| Format: | Llibre |
| Idioma: | Undetermined |
| Publicat: |
H.
Thông Tấn
2014
|
| Matèries: | |
| Accés en línia: | http://lrc.tdmu.edu.vn/opac/search/detail.asp?aID=2&ID=23232 |
| Etiquetes: |
Afegir etiqueta
Sense etiquetes, Sigues el primer a etiquetar aquest registre!
|
| Thư viện lưu trữ: | Trung tâm Học liệu Trường Đại học Thủ Dầu Một |
|---|
| LEADER | 00922nam a2200217Ia 4500 | ||
|---|---|---|---|
| 001 | TDMU_23232 | ||
| 008 | 210410s9999 xx 000 0 und d | ||
| 082 | |a 641.8 | ||
| 090 | |b CH500 | ||
| 100 | |a Chu, Thị Hồng Anh | ||
| 245 | 0 | |a Ăn vặt Sài Gòn | |
| 245 | 0 | |c Chu Thị Hồng Anh;Trần Việt Đức (nhiếp ảnh) | |
| 260 | |a H. | ||
| 260 | |b Thông Tấn | ||
| 260 | |c 2014 | ||
| 300 | |a 277tr. | ||
| 520 | |a Giới thiệu các món ăn ở Sài Gòn như Phở - Miến; Bún; Hủ tiếu - Mì; Bánh canh; Các món cuốn; Các món bánh; Bánh mì; Cháo; Nghêu, Sò, Ốc, Hến; Xôi; Chè... | ||
| 650 | |a Món ăn |z Sài Gòn (Việt Nam) | ||
| 700 | |a Trần, Việt Đức | ||
| 856 | |u http://lrc.tdmu.edu.vn/opac/search/detail.asp?aID=2&ID=23232 | ||
| 980 | |a Trung tâm Học liệu Trường Đại học Thủ Dầu Một | ||